000 01712nam a22002057a 4500
003 OSt
005 20260103121822.0
008 260103b |||||||| |||| 00| 0 eng d
020 _a9789349957626
040 _cAACR-II
082 _a345.54026 KAL
100 _aKalra, Kush
_916565
245 _aHandbook on offences and punishments (as per new criminal laws)
260 _aNew Delhi
_bCommercial Law Publishers
_c2026
300 _a768 p.
520 _aThis edition of Commercial’s Handbook on Offences and Punishments (2026 Edition) provides a comprehensive and structured reference to offences and corresponding punishments under the new criminal law framework of India. Authored by Kush Kalra, this handbook aligns with the provisions of the Bharatiya Nyaya Sanhita, 2023, Bharatiya Nagarik Suraksha Sanhita, 2023, and Bharatiya Sakshya Adhiniyam, 2023, which replace the Indian Penal Code, the Code of Criminal Procedure, and the Indian Evidence Act, respectively. The book systematically categorizes offences, detailing the relevant sections, essential ingredients, prescribed punishments, and procedural aspects under the reformed statutes. Designed for easy reference and practical utility, it serves as an essential tool for judges, advocates, law enforcement officers, and students preparing for judicial and competitive examinations. Published by Commercial Law Publishers (India) Pvt. Ltd., this handbook ensures accuracy, clarity, and completeness, making it a vital companion for understanding and applying India’s new criminal laws in both academic and professional contexts.
650 _aLaw of India
_916761
650 _aCriminal Procedure/Offences in India
_916762
942 _2ddc
_cB
999 _c360136
_d360136